000 00718cam a2200277 i 4500
001 768714001
003 CO-MdFUSB
005 20240615094308.0
007 ta
008 240615t1994 -spd|||| |||| 00| 0 sp d
020 _a84-7645-790-1
040 _cCO-MdFUSB
041 0 _aspa
082 0 4 _223
_aG 234.13
_bS4111m
100 1 _aSchwarz, Christian A.
_eautor
245 1 0 _aMétodo para la prueba de dones
_c/ Christian A. Schwarz
264 1 _aEspaña :
_bClie,
_c[1994]
264 4 _c©1994
300 _a155 Pag
336 _atexto
_btxt
_2rdacontent
337 _2rdamedia
_asin mediación
_bn
338 _2rdacarrier
_avolumen
_bnc
653 _aDones espirituales
942 _cBK
945 _aMiguel
999 _c34844
_d34844